Gases, liquids, and solids : (Record no. 7548)

MARC details
000 -LEADER
fixed length control field 01109pam a2200313 a 4500
001 - CONTROL NUMBER
control field 1541555
003 - CONTROL NUMBER IDENTIFIER
control field OSt
005 - DATE AND TIME OF LATEST TRANSACTION
control field 20211126162408.0
008 - FIXED-LENGTH DATA ELEMENTS--GENERAL INFORMATION
fixed length control field 910216s1991 enka 001 0 eng
010 ## - LIBRARY OF CONGRESS CONTROL NUMBER
LC control number 91009214
020 ## - INTERNATIONAL STANDARD BOOK NUMBER
International Standard Book Number 0521404886 (hardpaper)
020 ## - INTERNATIONAL STANDARD BOOK NUMBER
International Standard Book Number 0521406676 (paperback)
040 ## - CATALOGING SOURCE
Original cataloging agency DLC
Transcribing agency DLC
Modifying agency DLC
050 00 - LIBRARY OF CONGRESS CALL NUMBER
Classification number QC173
Item number .T25 1991
082 00 - DEWEY DECIMAL CLASSIFICATION NUMBER
Classification number 530.4TAB 1991
Edition number 20
100 1# - MAIN ENTRY--PERSONAL NAME
Personal name Tabor, David.
9 (RLIN) 13929
245 10 - TITLE STATEMENT
Title Gases, liquids, and solids :
Remainder of title and other states of matter /
Statement of responsibility, etc. D. Tabor.
250 ## - EDITION STATEMENT
Edition statement 3rd ed.
260 ## - PUBLICATION, DISTRIBUTION, ETC. (IMPRINT)
Place of publication, distribution, etc. Cambridge ;
-- New York :
Name of publisher, distributor, etc. Cambridge University Press,
Date of publication, distribution, etc. 1991.
300 ## - PHYSICAL DESCRIPTION
Extent xxi, 418 p. :
Other physical details ill. ;
Dimensions 24 cm.
500 ## - GENERAL NOTE
General note Includes index.
650 #0 - SUBJECT ADDED ENTRY--TOPICAL TERM
Topical term or geographic name as entry element Matter.
9 (RLIN) 13930
650 #0 - SUBJECT ADDED ENTRY--TOPICAL TERM
Topical term or geographic name as entry element Matter
General subdivision Properties.
9 (RLIN) 1035
856 42 - ELECTRONIC LOCATION AND ACCESS
Materials specified Publisher description
Uniform Resource Identifier http://www.loc.gov/catdir/description/cam024/91009214.html
856 41 - ELECTRONIC LOCATION AND ACCESS
Materials specified Table of contents
Uniform Resource Identifier http://www.loc.gov/catdir/toc/cam021/91009214.html
906 ## - LOCAL DATA ELEMENT F, LDF (RLIN)
a 7
b cbc
c orignew
d 1
e ocip
f 19
g y-gencatlg
942 ## - ADDED ENTRY ELEMENTS (KOHA)
Source of classification or shelving scheme Dewey Decimal Classification
Koha item type Open Shelf
Holdings
Withdrawn status Lost status Source of classification or shelving scheme Damaged status Not for loan Home library Current library Date acquired Source of acquisition Inventory number Total Checkouts Full call number Barcode Date last seen Price effective from Koha item type
    Dewey Decimal Classification     MUST Main Library MUST Main Library 26/11/2021 Purchase 05/24546   530.4TAB 1991 2021-1931 26/11/2021 26/11/2021 Open Shelf
    Dewey Decimal Classification     MUST Main Library MUST Main Library 26/11/2021 Purchase 05/24546   530.4TAB 1991 2021-1932 26/11/2021 26/11/2021 Open Shelf